🚨 Red Map Quiz - Name World Countries - Statistics

General Stats
  • This quiz has been taken 55 times
  • The average score is 168 of 196
Answers on the Map
Answers color-coded by a green-red scale on the quiz's map according to % correct below.
 
Answer Stats
Answer % Correct
Canada
94%
Cuba
94%
Haiti
94%
Mexico
94%
Panama
94%
United States
94%
Argentina
91%
Bahamas
91%
Bolivia
91%
Brazil
91%
Chile
91%
China
91%
Colombia
91%
Costa Rica
91%
Dominica
91%
Guatemala
91%
Honduras
91%
Nicaragua
91%
Paraguay
91%
Peru
91%
Russia
91%
St. Lucia
91%
Uruguay
91%
Albania
88%
Antigua and Barbuda
88%
Belarus
88%
Belgium
88%
Belize
88%
Bosnia andHerzegovina
88%
Bulgaria
88%
Croatia
88%
Czech Republic
88%
Denmark
88%
Dominican Republic
88%
Ecuador
88%
El Salvador
88%
Fiji
88%
Finland
88%
France
88%
Germany
88%
Greece
88%
Guyana
88%
Hungary
88%
Iceland
88%
Ireland
88%
Italy
88%
Kosovo
88%
Latvia
88%
Luxembourg
88%
Malta
88%
Montenegro
88%
Nauru
88%
New Zealand
88%
North Macedonia
88%
Norway
88%
Palau
88%
Papua New Guinea
88%
Poland
88%
Portugal
88%
Romania
88%
Serbia
88%
Slovakia
88%
Slovenia
88%
Spain
88%
St. Kitts and Nevis
88%
St. Vincent and theGrenadines
88%
Suriname
88%
Sweden
88%
Switzerland
88%
Tonga
88%
Trinidad and Tobago
88%
Turkey
88%
Tuvalu
88%
Ukraine
88%
United Kingdom
88%
Vanuatu
88%
Venezuela
88%
Afghanistan
84%
Algeria
84%
Andorra
84%
Angola
84%
Armenia
84%
Australia
84%
Austria
84%
Azerbaijan
84%
Bahrain
84%
Bangladesh
84%
Barbados
84%
Bhutan
84%
Botswana
84%
Brunei
84%
Burkina Faso
84%
Cambodia
84%
Cameroon
84%
Cape Verde
84%
Central AfricanRepublic
84%
Chad
84%
Comoros
84%
Djibouti
84%
D.R. Congo
84%
Egypt
84%
Eritrea
84%
Estonia
84%
Eswatini
84%
F.S. Micronesia
84%
Gabon
84%
Gambia
84%
Georgia
84%
Ghana
84%
Grenada
84%
India
84%
Indonesia
84%
Iran
84%
Iraq
84%
Israel
84%
Ivory Coast
84%
Jamaica
84%
Japan
84%
Jordan
84%
Kazakhstan
84%
Kenya
84%
Kuwait
84%
Laos
84%
Lebanon
84%
Libya
84%
Liechtenstein
84%
Lithuania
84%
Madagascar
84%
Malawi
84%
Malaysia
84%
Mali
84%
Mauritania
84%
Moldova
84%
Mongolia
84%
Mozambique
84%
Namibia
84%
Nepal
84%
Netherlands
84%
Niger
84%
Nigeria
84%
North Korea
84%
Oman
84%
Pakistan
84%
Qatar
84%
Rep. of the Congo
84%
Rwanda
84%
Samoa
84%
Senegal
84%
Singapore
84%
Somalia
84%
South Africa
84%
South Korea
84%
South Sudan
84%
Sri Lanka
84%
Sudan
84%
Syria
84%
Taiwan
84%
Tanzania
84%
Thailand
84%
Togo
84%
Turkmenistan
84%
United Arab Emirates
84%
Vatican City
84%
Yemen
84%
Zimbabwe
84%
Benin
81%
Cyprus
81%
Equatorial Guinea
81%
Ethiopia
81%
Guinea
81%
Guinea-Bissau
81%
Kiribati
81%
Kyrgyzstan
81%
Lesotho
81%
Liberia
81%
Maldives
81%
Marshall Islands
81%
Mauritius
81%
Monaco
81%
Morocco
81%
Myanmar
81%
Philippines
81%
San Marino
81%
São Tomé and Príncipe
81%
Saudi Arabia
81%
Seychelles
81%
Sierra Leone
81%
Solomon Islands
81%
Tajikistan
81%
Tunisia
81%
Uzbekistan
81%
Vietnam
81%
Zambia
81%
Burundi
78%
East Timor
78%
Uganda
78%
No matching quizzes found
Score Distribution
Percent of People with Each Score
Percentile by Number Answered
Your Score History
You have not taken this quiz